| 000 | 00429nam a2200181Ia 4500 | ||
|---|---|---|---|
| 001 | 4948 | ||
| 005 | 20260306145832.0 | ||
| 008 | 260306t2013||||xx |||||||||||||| ||spa|| | ||
| 041 | _aESP | ||
| 082 |
_a332.042 _bK469 |
||
| 100 |
_aKozikowski Zarska, Zbigniew _eAUT |
||
| 245 | 0 | _aFinanzas internacionales | |
| 260 | _c2013 | ||
| 300 |
_a353 páginas : _c27 cm. |
||
| 650 | _aGEN | ||
| 654 | _aCAN | ||
| 942 |
_cLIB _dJUS _fJUS _2ddc _n |
||
| 999 |
_c4948 _d4948 |
||